LEADER 01259nam--2200373---450- 001 990003601420203316 005 20111206133251.0 010 $a978-84-8489-531-2$b(Iberoamericana) 010 $a978-3-86527-571-4$b(Vervuert) 035 $a000360142 035 $aUSA01000360142 035 $a(ALEPH)000360142USA01 035 $a000360142 100 $a20111206d2010----km-y0itay50------ba 101 0 $aspa 102 $aES 105 $a||||||||001yy 200 1 $aPoesía y Biblia en el Siglo de Oro$eestudios sobre los Salmos y el Cantar de los Cantares$fValentín Núñez Rivera 210 $aMadrid$cIberoamericana$aFrankfurt am Main$cVervuert$d2010 215 $a294 p.$d24 cm 225 2 $aBiblioteca áurea hispánica$v65 410 0$12001$aBiblioteca áurea hispánica$v65 606 0 $aPoesia religiosa spagnola$zSec. 16.-17.$2BNCF 676 $a860.9358 700 1$aNÚÑEZ RIVERA,$bValentín$0388677 801 0$aIT$bsalbc$gISBD 912 $a990003601420203316 951 $aVI.5.B. 568$b5182 L.G.$cVI.5.B.$d00269084 959 $aBK 969 $aUMA 979 $aMARTUCCIEL$b90$c20111206$lUSA01$h1331 979 $aMARTUCCIEL$b90$c20111206$lUSA01$h1332 996 $aPoesia y biblia en el siglo de oro$9841066 997 $aUNISA LEADER 02051oam 2200529zu 450 001 996198874803316 005 20210807003213.0 010 $a1-5090-8186-0 035 $a(CKB)1000000000695691 035 $a(SSID)ssj0000451301 035 $a(PQKBManifestationID)12156191 035 $a(PQKBTitleCode)TC0000451301 035 $a(PQKBWorkID)10459775 035 $a(PQKB)11576349 035 $a(EXLCZ)991000000000695691 100 $a20160829d2008 uy 101 0 $aeng 181 $ctxt 182 $cc 183 $acr 200 10$aEngineering of Computer-Based Systems; Proceedings: IEEE Conference and Workshops on Engineering of Computer-Based 210 31$a[Place of publication not identified]$cIEEE Computer Society Press$d2008 300 $aBibliographic Level Mode of Issuance: Monograph 311 $a0-7695-3141-5 606 $aSystems engineering$xData processing$vCongresses 606 $aSystem analysis$xData processing$vCongresses 606 $aSystem design$vCongresses 606 $aComputer-aided engineering$vCongresses 606 $aMechanical Engineering$2HILCC 606 $aEngineering & Applied Sciences$2HILCC 606 $aIndustrial & Management Engineering$2HILCC 615 0$aSystems engineering$xData processing 615 0$aSystem analysis$xData processing 615 0$aSystem design 615 0$aComputer-aided engineering 615 7$aMechanical Engineering 615 7$aEngineering & Applied Sciences 615 7$aIndustrial & Management Engineering 702 $aBustard$b David$f1949- 702 $aSterritt$b Roy$f1971- 712 02$aIEEE Computer Society.$bTechnical Committee on Engineering of Computer-Based Systems. 712 12$aIEEE International Conference and Workshop on the Engineering of Computer Based Systems 801 0$bPQKB 906 $aPROCEEDING 912 $a996198874803316 996 $aEngineering of Computer-Based Systems; Proceedings: IEEE Conference and Workshops on Engineering of Computer-Based$92385809 997 $aUNISA